The evolution of social behavior in insects and arachnids. (Record no. 7338)

MARC details
000 -LEADER
fixed length control field 01252cam a2200325 a 4500
001 - CONTROL NUMBER
control field 2577636
003 - CONTROL NUMBER IDENTIFIER
control field OSt
005 - DATE AND TIME OF LATEST TRANSACTION
control field 20211006123146.0
008 - FIXED-LENGTH DATA ELEMENTS--GENERAL INFORMATION
fixed length control field 960423s1997 enka b 001 0 eng
010 ## - LIBRARY OF CONGRESS CONTROL NUMBER
LC control number 96002861
020 ## - INTERNATIONAL STANDARD BOOK NUMBER
International Standard Book Number 0521580285 (hc)
020 ## - INTERNATIONAL STANDARD BOOK NUMBER
International Standard Book Number 0521589770 (pbk.)
040 ## - CATALOGING SOURCE
Original cataloging agency DLC
Transcribing agency DDC
Modifying agency DLC
050 00 - LIBRARY OF CONGRESS CALL NUMBER
Classification number QL496
Item number .E95 1997
082 00 - DEWEY DECIMAL CLASSIFICATION NUMBER
Classification number 575.7.EVO 1997
100 ## - MAIN ENTRY--PERSONAL NAME
Personal name Choe,Jae C.; Crespi,Bernard J.;
9 (RLIN) 15036
245 04 - TITLE STATEMENT
Title The evolution of social behavior in insects and arachnids.
Statement of responsibility, etc. Edited by Choe,Jae C.; and Crespi,Bernard J.;
246 30 - VARYING FORM OF TITLE
Title proper/short title Social behavior in insects and arachnids
260 ## - PUBLICATION, DISTRIBUTION, ETC. (IMPRINT)
Place of publication, distribution, etc. New York :
Name of publisher, distributor, etc. Cambridge University Press,
Date of publication, distribution, etc. 1997.
300 ## - PHYSICAL DESCRIPTION
Extent xii,541p;
Other physical details ill;
Dimensions 26cm.
504 ## - BIBLIOGRAPHY, ETC. NOTE
Bibliography, etc Includes; bibliographical references and index.
650 #0 - SUBJECT ADDED ENTRY--TOPICAL TERM
Topical term or geographic name as entry element Biology
9 (RLIN) 5602
700 1# - ADDED ENTRY--PERSONAL NAME
Personal name Choe, Jae C.
9 (RLIN) 15037
700 1# - ADDED ENTRY--PERSONAL NAME
Personal name Crespi, Bernard J.
9 (RLIN) 15038
856 42 - ELECTRONIC LOCATION AND ACCESS
Materials specified Publisher description
Uniform Resource Identifier <a href="http://www.loc.gov/catdir/description/cam027/96002861.html">http://www.loc.gov/catdir/description/cam027/96002861.html</a>
856 41 - ELECTRONIC LOCATION AND ACCESS
Materials specified Table of contents
Uniform Resource Identifier <a href="http://www.loc.gov/catdir/toc/cam025/96002861.html">http://www.loc.gov/catdir/toc/cam025/96002861.html</a>
906 ## - LOCAL DATA ELEMENT F, LDF (RLIN)
a 7
b cbc
c orignew
d 1
e ocip
f 19
g y-gencatlg
942 ## - ADDED ENTRY ELEMENTS (KOHA)
Source of classification or shelving scheme Dewey Decimal Classification
Koha item type Open Shelf
Holdings
Withdrawn status Lost status Source of classification or shelving scheme Damaged status Not for loan Home library Current library Date acquired Source of acquisition Inventory number Total Checkouts Full call number Barcode Date last seen Price effective from Koha item type
    Dewey Decimal Classification     MUST Main Library MUST Main Library 06/10/2021 donation 2000/13568   575.7.EVO 1997 2021-1425 06/10/2021 06/10/2021 Open Shelf